[Event "2.BLW"]
[Site "?"]
[Date "2006.12.03"]
[Round "5"]
[White "Ginsburg, Gennadij"]
[Black "Medvegy, Zoltan"]
[Result "0-1"]
[WhiteElo "2506"]
[BlackElo "2518"]
[PlyCount "62"]
[EventDate "2006.??.??"]
[SourceDate "2006.10.21"]

1. e4 c6 2. d4 d5 3. Nd2 dxe4 4. Nxe4 Bf5 5. Ng3 Bg6 6. h4 h6 7. Nf3 Nd7 8. h5
Bh7 9. Bd3 Bxd3 10. Qxd3 e6 11. Bd2 Ngf6 12. O-O-O Be7 13. Kb1 O-O 14. Ne4 c5
15. Nxf6+ Bxf6 16. Be3 Qa5 17. g4 cxd4 18. Bxd4 Rfd8 19. Qe2 Bxd4 20. Rxd4 Nf6
21. Rhd1 Rxd4 22. Rxd4 Rd8 23. c3 Rxd4 24. Nxd4 Qg5 25. f3 e5 26. Nb5 e4 27.
Nxa7 Qc5 28. Nb5 exf3 29. Qf1 Qe3 30. Nd4 f2 31. Nc2 Qg3 0-1

[Event "2.BLW"]
[Site "?"]
[Date "2006.12.03"]
[Round "5"]
[White "Sucher, Johannes"]
[Black "Webersberger, Johann"]
[Result "1/2-1/2"]
[WhiteElo "2155"]
[BlackElo "2264"]
[PlyCount "30"]
[EventDate "2006.??.??"]
[SourceDate "2006.10.21"]

1. d4 c6 2. e4 d5 3. exd5 cxd5 4. c4 Nf6 5. Nc3 e6 6. Nf3 Bb4 7. Bf4 O-O 8. Rc1
dxc4 9. Bxc4 a6 10. O-O b5 11. Bb3 Bb7 12. a4 Bxc3 13. bxc3 Bd5 14. Bg5 Bxb3
15. Qxb3 Qd5 1/2-1/2

[Event "2.BLW"]
[Site "?"]
[Date "2006.12.03"]
[Round "5"]
[White "Bensch, Patrick"]
[Black "Doskocil, Klaus"]
[Result "1-0"]
[WhiteElo "2225"]
[BlackElo "2146"]
[PlyCount "133"]
[EventDate "2006.??.??"]
[SourceDate "2006.10.21"]

1. e4 c5 2. Nf3 Nc6 3. d4 cxd4 4. Nxd4 Nf6 5. Nc3 e5 6. Ndb5 d6 7. Bg5 a6 8.
Na3 b5 9. Nd5 Be7 10. Nxe7 Nxe7 11. Bd3 d5 12. Qe2 Nxe4 13. Bxe4 dxe4 14. Qxe4
Qd5 15. Qxd5 Nxd5 16. c4 bxc4 17. Nxc4 f6 18. Bd2 Be6 19. b3 O-O 20. Ke2 Rac8
21. Rhc1 Rfd8 22. Na5 Bf5 23. Nb7 Rxc1 24. Rxc1 Rd7 25. Rc8+ Kf7 26. Nc5 Rd6
27. Ra8 g5 28. Ke1 Rc6 29. b4 Nc7 30. Ra7 Kg6 31. a4 Bc8 32. Ne4 Bf5 33. Nc3
Bd3 34. Rb7 Ne6 35. Nd5 Rc2 36. Rb6 Nd4 37. Nxf6 Ra2 38. Ng4+ Kg7 39. Rb7+ Kf8
40. Rb8+ Kg7 41. Rb7+ Kf8 42. Nxe5 Ra1+ 43. Bc1 Bf5 44. Kd1 Bc2+ 45. Kd2 Ra2
46. Bb2 Bf5 47. Nc4 Be6 48. Kd3 Nf5 49. Rb6 Bxc4+ 50. Kxc4 Rxb2 51. Rf6+ Kg7
52. Rxf5 Kg6 53. g4 h5 54. h3 Rc2+ 55. Kd4 hxg4 56. hxg4 Rb2 57. Kc3 Ra2 58.
Kb3 Re2 59. b5 axb5 60. axb5 Re1 61. f3 Rd1 62. Kc4 Rc1+ 63. Kd5 Rc2 64. b6 Rb2
65. Kc6 Rb3 66. b7 Rc3+ 67. Rc5 1-0

[Event "2.BLW"]
[Site "?"]
[Date "2006.12.03"]
[Round "5"]
[White "Froewis, Georg"]
[Black "Ager, Josef"]
[Result "1-0"]
[WhiteElo "2112"]
[BlackElo "2196"]
[PlyCount "63"]
[EventDate "2006.??.??"]
[SourceDate "2006.10.21"]

1. e4 c5 2. Nf3 e6 3. c4 Nc6 4. Nc3 d6 5. d4 cxd4 6. Nxd4 Nf6 7. Be3 Be7 8. Be2
a6 9. O-O Qc7 10. Rc1 O-O 11. Nb3 b6 12. f3 Nd7 13. Nd5 exd5 14. cxd5 Nc5 15.
dxc6 Qxc6 16. Nd4 Qe8 17. b4 Na4 18. Nc6 b5 19. Bf4 Bf6 20. Bxd6 Nc3 21. Qd2
Qxc6 22. Bxf8 Kxf8 23. e5 Bxe5 24. f4 Nxe2+ 25. Qxe2 Qb6+ 26. Kh1 Bf6 27. Qe4
Bb7 28. Qxh7 g6 29. f5 Be4 30. fxg6 Bxg6 31. Qh3 Kg7 32. Qf3 1-0

[Event "2.BLW"]
[Site "?"]
[Date "2006.12.03"]
[Round "5"]
[White "Hackbarth, Wolfgang"]
[Black "Maier, Peter"]
[Result "1/2-1/2"]
[WhiteElo "2137"]
[BlackElo "2169"]
[PlyCount "27"]
[EventDate "2006.??.??"]
[SourceDate "2006.10.21"]

1. c4 g6 2. d4 Bg7 3. Nc3 d6 4. Nf3 Nd7 5. g3 e5 6. dxe5 dxe5 7. Bg2 Ne7 8. O-O
O-O 9. Qc2 c6 10. b3 Re8 11. Bb2 f5 12. e4 Nc5 13. Rad1 Qc7 14. Nh4 1/2-1/2

[Event "2.BLW"]
[Site "?"]
[Date "2006.12.03"]
[Round "5"]
[White "Ivanov, Mikhail M"]
[Black "Novkovic, Milan"]
[Result "1-0"]
[WhiteElo "2425"]
[BlackElo "2394"]
[PlyCount "83"]
[EventDate "2006.??.??"]
[SourceDate "2006.10.21"]

1. d4 Nf6 2. c4 e6 3. Nf3 Bb4+ 4. Nbd2 b6 5. a3 Bxd2+ 6. Qxd2 Bb7 7. e3 d6 8.
Be2 Nbd7 9. b4 a5 10. Bb2 Ne4 11. Qc2 axb4 12. axb4 Rxa1+ 13. Bxa1 O-O 14. O-O
Ng5 15. Nd2 f5 16. f3 Qe7 17. Bd3 g6 18. c5 bxc5 19. dxc5 dxc5 20. Qc3 cxb4 21.
Qxc7 Bc8 22. Rc1 Nf7 23. Nb3 Qd6 24. Bb5 Nb6 25. Bd4 Qxc7 26. Rxc7 Nd5 27. Ra7
Rd8 28. f4 g5 29. g3 h6 30. Na5 g4 31. Bc6 Nc3 32. Kf2 e5 33. fxe5 Nxe5 34. Bg2
Nf7 35. Nc6 Re8 36. Re7 Rf8 37. Nxb4 Ne4+ 38. Ke1 Rd8 39. Nc6 Rf8 40. Bf1 Ned6
41. Bd3 Bb7 42. Rxb7 1-0

[Event "2.BLW"]
[Site "?"]
[Date "2006.12.03"]
[Round "5"]
[White "Gaertner, Guntram"]
[Black "Lawitsch, Guenther"]
[Result "1-0"]
[WhiteElo "2331"]
[BlackElo "2294"]
[PlyCount "121"]
[EventDate "2006.??.??"]
[SourceDate "2006.10.21"]

1. d4 d5 2. c4 c6 3. cxd5 cxd5 4. Nc3 Nf6 5. Bf4 Nc6 6. e3 Bf5 7. Nf3 a6 8. Be2
Qb6 9. a3 Qxb2 10. Na4 Qc2 11. Qxc2 Bxc2 12. Nb6 Ra7 13. Rc1 Bf5 14. Ne5 g6 15.
Nxc6 bxc6 16. Rxc6 Bg7 17. O-O O-O 18. Rfc1 h6 19. h3 Be6 20. Rc7 Rxc7 21. Rxc7
Rb8 22. Rc6 Rb7 23. Bxa6 Ra7 24. Nc8 Ra8 25. Nxe7+ Kh7 26. Bc8 Bxc8 27. Rxc8
Rxa3 28. Rc2 Bf8 29. Nc6 g5 30. Be5 Ne4 31. g4 f6 32. Bc7 Kg6 33. Kg2 h5 34.
Ba5 hxg4 35. hxg4 Rb3 36. Bc7 Kf7 37. Bh2 Rb6 38. Na7 Ra6 39. Nb5 Ra5 40. Nc3
Nxc3 41. Rxc3 Ra6 42. Rb3 Ke6 43. Bc7 f5 44. Kf3 Be7 45. Rb5 Kd7 46. Be5 fxg4+
47. Kxg4 Ke6 48. Bc7 Rc6 49. Rb6 Rxb6 50. Bxb6 Kf6 51. Ba5 Kg6 52. f3 Kf6 53.
Bd2 Kg6 54. e4 dxe4 55. fxe4 Bd8 56. d5 Bf6 57. Be3 Bd8 58. Bd4 Ba5 59. e5 Bd2
60. d6 Kf7 61. Kf5 1-0

[Event "2.BLW"]
[Site "?"]
[Date "2006.12.03"]
[Round "5"]
[White "Riedl, Johannes"]
[Black "Grabher, Heinz"]
[Result "1/2-1/2"]
[WhiteElo "2143"]
[BlackElo "2311"]
[PlyCount "89"]
[EventDate "2006.??.??"]
[SourceDate "2006.10.21"]

1. e4 c5 2. Nf3 e6 3. b3 Nc6 4. Bb2 d6 5. Bb5 Bd7 6. O-O Nf6 7. Bxc6 Bxc6 8. e5
Nd7 9. Na3 d5 10. d4 Be7 11. dxc5 Bxc5 12. Qe2 Qa5 13. Nb1 O-O 14. Nbd2 Rac8
15. c4 Qa6 16. Nd4 Bxd4 17. Bxd4 dxc4 18. bxc4 Rfd8 19. Qg4 Qa5 20. Nb3 Qb4 21.
Rac1 b6 22. Rc3 Nf8 23. h4 Bb7 24. Rfc1 Rc7 25. Be3 Rdc8 26. h5 b5 27. a3 Qxa3
28. Nc5 Qa5 29. Bh6 g6 30. Qf4 f5 31. exf6 Rf7 32. Nxb7 Rxb7 33. Rf3 Rf7 34.
Qg5 Rxc4 35. Rxc4 Qe1+ 36. Kh2 bxc4 37. Bxf8 Kxf8 38. hxg6 hxg6 39. Qh6+ Ke8
40. Qxg6 Qe5+ 41. g3 Kf8 42. Kg2 Qd5 43. Qh6+ Ke8 44. Qg6 Kf8 45. Qh6+ 1/2-1/2

[Event "2.BLW"]
[Site "?"]
[Date "2006.12.03"]
[Round "5"]
[White "Atlas, Dimitry"]
[Black "Thoeny, Hermann"]
[Result "1-0"]
[WhiteElo "2294"]
[BlackElo "2175"]
[PlyCount "89"]
[EventDate "2006.??.??"]
[SourceDate "2006.10.21"]

1. e4 e6 2. d4 d5 3. e5 c5 4. c3 Nc6 5. Nf3 Qb6 6. Be2 Bd7 7. O-O cxd4 8. cxd4
Nge7 9. Na3 Nf5 10. Nc2 Nb4 11. Nxb4 Qxb4 12. a3 Qb6 13. g4 Ne7 14. b4 Bb5 15.
Be3 Nc6 16. Rb1 Bxe2 17. Qxe2 Be7 18. Nd2 O-O 19. Nb3 Rfd8 20. f4 Rd7 21. Qd3
Qd8 22. Rf3 Rc8 23. f5 g6 24. Rbf1 b6 25. Nc1 Rdc7 26. fxe6 fxe6 27. Ne2 Qe8
28. Bh6 Nd8 29. h4 a5 30. b5 Nb7 31. Nf4 Nd8 32. h5 g5 33. Ne2 Nb7 34. a4 Bb4
35. Qe3 Be7 36. Kh1 Rc2 37. Ng3 Qd8 38. Rf7 R2c3 39. Rg7+ Kh8 40. Rff7 Bf8 41.
Rxh7+ Kg8 42. Qf2 Bxh6 43. Rxh6 Rc2 44. Rg6+ Kh8 45. Rh7+ 1-0

[Event "2.BLW"]
[Site "?"]
[Date "2006.12.03"]
[Round "5"]
[White "Kapferer, R."]
[Black "Burschowsky, Matthias"]
[Result "0-1"]
[WhiteElo "2065"]
[BlackElo "2211"]
[PlyCount "162"]
[EventDate "2006.??.??"]
[SourceDate "2006.10.21"]

1. e4 c5 2. d4 cxd4 3. c3 d3 4. Bxd3 d6 5. f4 Nc6 6. Nf3 g6 7. Be3 Bg7 8. O-O
Nf6 9. h3 O-O 10. Nbd2 Nd7 11. Nd4 a6 12. N2f3 Qc7 13. Qe1 Nc5 14. Bc2 b5 15.
Qg3 Na5 16. Rae1 Nc4 17. Bc1 e5 18. Ne2 Bb7 19. Qh4 Qd8 20. b3 Qxh4 21. Nxh4
Nb6 22. fxe5 Nxe4 23. Bxe4 Bxe4 24. exd6 Rad8 25. Ba3 Rfe8 26. Ng3 f5 27. Rc1
Bh6 28. Rcd1 Re6 29. Nf3 Bxf3 30. Rxf3 Bf8 31. Rfd3 Nd7 32. Kf1 Ne5 33. Rd5 Nf7
34. c4 bxc4 35. bxc4 Bxd6 36. Bxd6 Rexd6 37. Kf2 Kg7 38. Nf1 Kf6 39. Ne3 Ke6
40. Rxd6+ Rxd6 41. Nd5 Rc6 42. Rc1 Nd6 43. Ke2 Ne4 44. Kd3 Rc5 45. Kd4 Ra5 46.
Rc2 Ra4 47. Nc3 Nxc3 48. Kxc3 Kd6 49. Kb3 Ra5 50. Kb4 Re5 51. a4 a5+ 52. Kc3
Re3+ 53. Kd4 Re4+ 54. Kd3 Kc5 55. Rb2 Rd4+ 56. Ke3 Kxc4 57. Rb5 Rd5 58. Rb7 h5
59. g4 fxg4 60. hxg4 h4 61. Kf4 g5+ 62. Ke4 Rc5 63. Rb1 Kc3 64. Rb5 Kc4 65. Rb1
Kc3 66. Rb5 Rc4+ 67. Kf5 Rxa4 68. Kxg5 h3 69. Rb1 h2 70. Rh1 Ra2 71. Kh4 Kd4
72. Kg3 Ke5 73. Rf1 Rb2 74. g5 a4 75. g6 Rb6 76. Kxh2 Rxg6 77. Ra1 Ra6 78. Kg2
Kd4 79. Kf3 Kc3 80. Ke2 Kb2 81. Rd1 Re6+ 0-1

[Event "2.BLW"]
[Site "?"]
[Date "2006.12.03"]
[Round "5"]
[White "Halasz, Tamas"]
[Black "Dobosz, Henryk"]
[Result "0-1"]
[WhiteElo "2357"]
[BlackElo "2419"]
[PlyCount "82"]
[EventDate "2006.??.??"]
[SourceDate "2006.10.21"]

1. d4 d5 2. c4 c6 3. Nc3 Nf6 4. e3 a6 5. Nf3 b5 6. b3 Bg4 7. Bd3 e6 8. h3 Bh5
9. O-O Nbd7 10. cxd5 cxd5 11. Bb2 Be7 12. a3 O-O 13. g4 Bg6 14. Bxg6 hxg6 15.
Ne5 Nxe5 16. dxe5 Nd7 17. e4 d4 18. Ne2 Nxe5 19. Nxd4 Bc5 20. Kg2 Qb6 21. b4
Be7 22. Nf3 Nc4 23. Bd4 Qb7 24. Qe2 Rfd8 25. Rfd1 f6 26. Rd3 e5 27. Bc3 Rxd3
28. Qxd3 Rd8 29. Qe2 Qd7 30. Ne1 Qc6 31. f3 Rd7 32. Kg3 Bd8 33. a4 bxa4 34. Qa2
a3 35. Rc1 Kh7 36. Bxe5 fxe5 37. Rxc4 Qf6 38. Ng2 Rd3 39. Qe2 a2 40. Rc1 Ra3
41. Ra1 Qf7 0-1

[Event "2.BLW"]
[Site "?"]
[Date "2006.12.03"]
[Round "5"]
[White "Eisenbeiser, Amadeus"]
[Black "Blaskowski, Johannes"]
[Result "1/2-1/2"]
[WhiteElo "2352"]
[BlackElo "2342"]
[PlyCount "112"]
[EventDate "2006.??.??"]
[SourceDate "2006.10.21"]

1. e4 c5 2. c4 Nc6 3. Ne2 Nf6 4. Nbc3 g6 5. d4 cxd4 6. Nxd4 Bg7 7. Be3 O-O 8.
Be2 b6 9. O-O Bb7 10. f3 e6 11. Qd2 Qe7 12. Rfe1 Rfd8 13. Bf1 Qf8 14. Ndb5 d6
15. Rad1 Ne8 16. Bg5 Rd7 17. Kh1 h6 18. Bh4 g5 19. Bg3 Rad8 20. f4 Qe7 21. Re3
Ba8 22. h3 a6 23. Na3 Nd4 24. Nc2 gxf4 25. Bxf4 e5 26. Bh2 Nc7 27. Nd5 Bxd5 28.
exd5 Qg5 29. Nxd4 exd4 30. Ree1 Qxd2 31. Rxd2 Re8 32. Rxe8+ Nxe8 33. Bg1 Nf6
34. Rxd4 Nh5 35. Rd3 Bxb2 36. Bxb6 Be5 37. Bf2 Rb7 38. Rb3 Rxb3 39. axb3 Ng3+
40. Kg1 Ne4 41. Be3 f5 42. Bd3 Kg7 43. b4 h5 44. b5 axb5 45. cxb5 f4 46. Bxf4
Bxf4 47. Bxe4 Be3+ 48. Kf1 h4 49. Ke2 Bb6 50. Kf3 Kf6 51. Kg4 Bf2 52. b6 Bxb6
53. Kxh4 Ke5 54. Bb1 Kxd5 55. g4 Ke6 56. Kh5 Kf6 1/2-1/2

[Event "2.BLW"]
[Site "?"]
[Date "2006.12.03"]
[Round "5"]
[White "Grundherr, Martin"]
[Black "Schmidlechner, Alexander"]
[Result "1-0"]
[WhiteElo "2304"]
[BlackElo "2246"]
[PlyCount "77"]
[EventDate "2006.??.??"]
[SourceDate "2006.10.21"]

1. e4 c5 2. Nf3 Nc6 3. Bb5 g6 4. Bxc6 dxc6 5. O-O Bg7 6. d3 Nf6 7. h3 Nd7 8.
Nc3 e5 9. Be3 Qe7 10. Nd2 g5 11. Ne2 Nf8 12. Ng3 Ng6 13. Nf5 Bxf5 14. exf5 Nf4
15. Ne4 b6 16. g3 Nd5 17. Bxg5 f6 18. Qh5+ Kd7 19. Bd2 Kc7 20. a3 Qd7 21. b4
cxb4 22. axb4 Ne7 23. f4 Qxf5 24. Qxf5 Nxf5 25. fxe5 Nd4 26. exf6 Bf8 27. c3
Ne6 28. Rf5 Kb7 29. d4 Nc7 30. Bf4 Nd5 31. Be5 Rg8 32. g4 a5 33. bxa5 Rxa5 34.
Rff1 Ne3 35. Rxa5 bxa5 36. Ra1 Ka6 37. Bd6 Nxg4 38. hxg4 Rxg4+ 39. Kh2 1-0

[Event "2.BLW"]
[Site "?"]
[Date "2006.12.03"]
[Round "5"]
[White "Scheffknecht, Philipp"]
[Black "Mittelberger, Peter"]
[Result "1/2-1/2"]
[WhiteElo "2178"]
[BlackElo "2244"]
[PlyCount "65"]
[EventDate "2006.??.??"]
[SourceDate "2006.10.21"]

1. d4 Nf6 2. Nf3 g6 3. g3 Bg7 4. Bg2 O-O 5. c4 d6 6. Nc3 Nc6 7. d5 Na5 8. Nd2
c5 9. O-O a6 10. Qc2 Rb8 11. b3 b5 12. Bb2 bxc4 13. bxc4 e5 14. Rab1 Bd7 15.
Ba1 Qc7 16. Rxb8 Rxb8 17. e4 Bh6 18. f4 exf4 19. gxf4 Nh5 20. Ne2 Bg4 21. Bf3
Bxf3 22. Rxf3 Qd7 23. h3 f6 24. e5 fxe5 25. fxe5 dxe5 26. Ne4 Bg7 27. Kh2 Qc7
28. Qd3 Nb7 29. N2g3 Nxg3 30. Rxg3 Nd6 31. Bc3 Nf5 32. Rg4 Nh6 33. Rg2 1/2-1/2

[Event "2.BLW"]
[Site "?"]
[Date "2006.12.03"]
[Round "5"]
[White "Eybl, Alexander"]
[Black "Wallis, Anton"]
[Result "1-0"]
[WhiteElo "2253"]
[BlackElo "2161"]
[PlyCount "82"]
[EventDate "2006.??.??"]
[SourceDate "2006.10.21"]

1. c4 c5 2. Nc3 d6 3. g3 Nf6 4. Bg2 e6 5. e3 a6 6. Nge2 Qc7 7. O-O Nbd7 8. b3
Rb8 9. a4 b6 10. d4 cxd4 11. exd4 Be7 12. f4 O-O 13. h3 Bb7 14. Ba3 Bxg2 15.
Kxg2 Qb7+ 16. Kh2 Rfe8 17. f5 e5 18. d5 Nc5 19. Rb1 Qd7 20. g4 Nfe4 21. Bxc5
Nxc3 22. Nxc3 bxc5 23. Ne4 f6 24. h4 Rf8 25. Rc1 Rb6 26. Rc3 Kf7 27. g5 Ke8 28.
Qh5+ Kd8 29. Qxh7 fxg5 30. hxg5 Rf7 31. f6 Bf8 32. Qh3 gxf6 33. Qxd7+ Kxd7 34.
Rxf6 Rh7+ 35. Kg3 Be7 36. Nxc5+ Kc8 37. Rg6 Bxg5 38. Rg8+ Bd8 39. Ne6 Rd7 40.
c5 dxc5 41. Rxc5+ Kb8 1-0

[Event "2.BLW"]
[Site "?"]
[Date "2006.12.03"]
[Round "5"]
[White "Heilinger, Dietmar"]
[Black "Meier, Alexander"]
[Result "1/2-1/2"]
[WhiteElo "2142"]
[BlackElo "2145"]
[PlyCount "31"]
[EventDate "2006.??.??"]
[SourceDate "2006.10.21"]

1. c4 Nf6 2. g3 g6 3. Bg2 Bg7 4. Nc3 d6 5. e4 e5 6. Nge2 O-O 7. O-O c6 8. b3
Nh5 9. d4 f5 10. dxe5 dxe5 11. Qxd8 Rxd8 12. Bg5 Re8 13. exf5 gxf5 14. Rad1 Be6
15. Bh3 Na6 16. Rd2 1/2-1/2

[Event "2.BLW"]
[Site "?"]
[Date "2006.12.03"]
[Round "5"]
[White "Gasthofer, Alexander"]
[Black "Lanka, Zigurds"]
[Result "0-1"]
[WhiteElo "2439"]
[BlackElo "2498"]
[PlyCount "64"]
[EventDate "2006.??.??"]
[SourceDate "2006.10.21"]

1. Nf3 Nf6 2. g3 g6 3. c4 Bg7 4. Bg2 O-O 5. O-O d6 6. d4 Nc6 7. Nc3 a6 8. e3
Bd7 9. Qe2 e5 10. h3 Rb8 11. Rd1 Qc8 12. Kh2 exd4 13. Nxd4 Re8 14. Nxc6 bxc6
15. Qc2 Re5 16. g4 h6 17. f4 Re8 18. e4 h5 19. g5 Nh7 20. c5 d5 21. e5 Nxg5 22.
fxg5 Bxe5+ 23. Kg1 Bxh3 24. Bf3 Rb4 25. Be3 Rg4+ 26. Kh1 Rg3 27. Qf2 Qf5 28.
Bxd5 cxd5 29. Qxf5 Bxf5 30. Bd4 Bg4 31. Bxe5 Rxe5 32. Re1 Rxg5 0-1

[Event "2.BLW"]
[Site "?"]
[Date "2006.12.03"]
[Round "5"]
[White "Maiwald, Jens Uwe"]
[Black "Pitl, Gregory"]
[Result "1-0"]
[WhiteElo "2489"]
[BlackElo "2380"]
[PlyCount "51"]
[EventDate "2006.??.??"]
[SourceDate "2006.10.21"]

1. e4 c5 2. Nc3 a6 3. g3 b5 4. Bg2 Bb7 5. d3 e6 6. Nh3 Nf6 7. O-O d6 8. f4 Qc7
9. g4 Nc6 10. g5 Nd7 11. f5 Nde5 12. fxe6 fxe6 13. Nf4 Qe7 14. a4 b4 15. Ncd5
exd5 16. exd5 Na5 17. Ne6 Bc8 18. c3 Bxe6 19. dxe6 O-O-O 20. d4 Ng6 21. Qg4 Kb8
22. Rf7 Qe8 23. Qe2 Nc6 24. Qxa6 Nge7 25. Qb6+ Kc8 26. Rxe7 1-0

[Event "2.BLW"]
[Site "?"]
[Date "2006.12.03"]
[Round "5"]
[White "Pitschka, Klaus"]
[Black "Gross, David"]
[Result "1/2-1/2"]
[WhiteElo "2279"]
[BlackElo "2478"]
[PlyCount "57"]
[EventDate "2006.??.??"]
[SourceDate "2006.10.21"]

1. d4 Nf6 2. Nc3 d5 3. Bg5 Nbd7 4. e3 c6 5. f4 Nb6 6. Bd3 Bg4 7. Nf3 e6 8. h3
Bf5 9. g4 Bxd3 10. cxd3 c5 11. dxc5 Bxc5 12. d4 Be7 13. Ne5 Ne4 14. Bxe7 Qxe7
15. Nxe4 dxe4 16. O-O Rc8 17. Rc1 O-O 18. Qb3 Nd5 19. a3 Rc7 20. Rxc7 Qxc7 21.
f5 f6 22. fxe6 Qd6 23. Qxb7 Nxe3 24. Qd7 fxe5 25. Qxd6 Rxf1+ 26. Kh2 Rf2+ 27.
Kg1 Rf1+ 28. Kh2 Rf2+ 29. Kg1 1/2-1/2

[Event "2.BLW"]
[Site "?"]
[Date "2006.12.03"]
[Round "5"]
[White "Tabernig, Bernhard"]
[Black "Hager, Franz"]
[Result "1/2-1/2"]
[WhiteElo "2292"]
[BlackElo "2237"]
[PlyCount "47"]
[EventDate "2006.??.??"]
[SourceDate "2006.10.21"]

1. d4 Nf6 2. c4 e5 3. dxe5 Ng4 4. Bf4 Nc6 5. Nf3 Bb4+ 6. Nc3 Bxc3+ 7. bxc3 Qe7
8. Qd5 f6 9. exf6 Nxf6 10. Qd3 d6 11. e3 O-O 12. Bg5 h6 13. Bh4 Be6 14. Be2 Qf7
15. O-O Nd7 16. Nd4 Nc5 17. Qc2 Bxc4 18. Nxc6 bxc6 19. Rfd1 Bxe2 20. Qxe2 Rab8
21. Rd4 Rb6 22. Rf4 Qe6 23. Rb4 Rfb8 24. Rxb6 1/2-1/2

[Event "2.BLW"]
[Site "?"]
[Date "2006.12.03"]
[Round "5"]
[White "Marchhart, Matthias"]
[Black "Schiestl, Josef"]
[Result "1/2-1/2"]
[WhiteElo "2162"]
[BlackElo "2144"]
[PlyCount "29"]
[EventDate "2006.??.??"]
[SourceDate "2006.10.21"]

1. e4 g6 2. d4 Bg7 3. c3 d6 4. Bd3 e5 5. Ne2 Nf6 6. Bg5 h6 7. Bh4 Qe7 8. O-O g5
9. Bg3 Nh5 10. Nd2 O-O 11. Qc2 c6 12. Nc4 Nd7 13. Rad1 Nf4 14. Ne3 Nf6 15. f3
1/2-1/2

[Event "2.BLW"]
[Site "?"]
[Date "2006.12.03"]
[Round "5"]
[White "Kroell, Johannes"]
[Black "Endthaler, Arnold"]
[Result "1/2-1/2"]
[WhiteElo "2176"]
[BlackElo "2094"]
[PlyCount "38"]
[EventDate "2006.??.??"]
[SourceDate "2006.10.21"]

1. Nc3 b6 2. e4 Bb7 3. d3 g6 4. g4 h5 5. g5 Bg7 6. Nge2 e6 7. Bg2 Ne7 8. O-O
Qc8 9. f4 d6 10. Bh3 Nd7 11. f5 exf5 12. exf5 Nxf5 13. Bxf5 gxf5 14. d4 h4 15.
Rxf5 Ne5 16. Rf4 Ng6 17. Rf2 Qg4+ 18. Kf1 O-O-O 19. Qd3 Rd7 1/2-1/2

[Event "2.BLW"]
[Site "?"]
[Date "2006.12.03"]
[Round "5"]
[White "Schmidt, Georg"]
[Black "Shchekachev, Andrei"]
[Result "0-1"]
[WhiteElo "2374"]
[BlackElo "2593"]
[PlyCount "142"]
[EventDate "2006.??.??"]
[SourceDate "2006.10.21"]

1. e4 c5 2. Nf3 e6 3. d4 cxd4 4. Nxd4 a6 5. Bd3 Bc5 6. Nb3 Be7 7. c4 d6 8. Nc3
Nf6 9. O-O b6 10. Nd4 Bb7 11. b3 O-O 12. Bb2 Nbd7 13. Qe2 Re8 14. Rad1 Bf8 15.
Bb1 Qc7 16. Rfe1 Rad8 17. Qd2 Qb8 18. Nde2 Ba8 19. Ng3 b5 20. cxb5 axb5 21. b4
Ne5 22. Qe2 Nc4 23. Ba1 d5 24. exd5 exd5 25. Qd3 Ne5 26. Qxb5 Bxb4 27. Qxb8
Rxb8 28. Rf1 Bb7 29. Rc1 d4 30. Nce4 Nxe4 31. Bxe4 Bxe4 32. Nxe4 Nd3 33. Rcd1
Nf4 34. Nd2 Ne2+ 35. Kh1 Nc3 36. Rc1 Ne2 37. Rcd1 Bc3 38. Nb3 Rb4 39. Rd3 Ra4
40. Bxc3 dxc3 41. Nc1 Rd4 42. Rxd4 Nxd4 43. g3 c2 44. Kg2 f5 45. Nb3 Rc8 46.
Nxd4 c1=Q 47. Rxc1 Rxc1 48. Nxf5 Ra1 49. g4 Rxa2 50. Kg3 Kf7 51. h4 g6 52. Nd6+
Ke6 53. Ne4 Ke5 54. Ng5 Ra7 55. Nf3+ Ke4 56. Ng5+ Kd3 57. Ne6 Rf7 58. Ng5 Re7
59. Kf4 h6 60. Nh3 Kd4 61. Kg3 Re6 62. Nf4 Rd6 63. h5 g5 64. Nh3 Ra6 65. f3 Ra3
66. Kf2 Rb3 67. Ng1 Rb2+ 68. Kg3 Ke3 69. Nh3 Rb3 70. Ng1 Rb1 71. Kg2 Rxg1+ 0-1

[Event "2.BLW"]
[Site "?"]
[Date "2006.12.03"]
[Round "5"]
[White "Hecht, Hans Joachim"]
[Black "Panteleev, Petar"]
[Result "1-0"]
[WhiteElo "2394"]
[BlackElo "2315"]
[PlyCount "65"]
[EventDate "2006.??.??"]
[SourceDate "2006.10.21"]

1. d4 Nf6 2. c4 g6 3. Nc3 Bg7 4. e4 O-O 5. Nf3 c6 6. e5 Ne8 7. Bf4 d6 8. h3
dxe5 9. Nxe5 Nc7 10. Nf3 c5 11. d5 Nd7 12. Be2 e6 13. d6 Ne8 14. Qd2 b6 15. O-O
Bb7 16. Rad1 Rc8 17. Rfe1 e5 18. Bh6 e4 19. Bxg7 Nxg7 20. Ng5 Re8 21. Nd5 Nf5
22. Qf4 Bxd5 23. Rxd5 e3 24. fxe3 h6 25. Nf3 Nxe3 26. Ne5 Rxe5 27. Rxe5 Nxe5
28. Qxe5 Nc2 29. Bg4 Nxe1 30. Bxc8 Qxc8 31. Qxe1 Qc6 32. Qe7 Qa4 33. d7 1-0

[Event "2.BLW"]
[Site "?"]
[Date "2006.12.03"]
[Round "4"]
[White "Baldauf, Marco"]
[Black "Enigl, Karl"]
[Result "1/2-1/2"]
[WhiteElo "2334"]
[BlackElo "2141"]
[PlyCount "110"]
[EventDate "2006.??.??"]
[SourceDate "2006.10.21"]

1. Nf3 Nf6 2. g3 d5 3. Bg2 c6 4. O-O Bf5 5. d3 e6 6. Nbd2 Be7 7. a3 a5 8. Rb1
O-O 9. Qe1 h6 10. e4 dxe4 11. dxe4 Bh7 12. Ne5 Nbd7 13. Nd3 Nc5 14. Nxc5 Bxc5
15. Nb3 Bb6 16. a4 e5 17. Bd2 Bg6 18. Kh1 c5 19. Qe2 c4 20. Qxc4 Rc8 21. Qd3
Qxd3 22. cxd3 Rfd8 23. Bxa5 Rxd3 24. Rbc1 Rxc1 25. Nxc1 Rd6 26. Bxb6 Rxb6 27.
Nd3 Rb3 28. Nxe5 Bxe4 29. Bxe4 Nxe4 30. f3 Nc5 31. Rc1 Nxa4 32. Rc8+ Kh7 33.
Nxf7 Rxb2 34. Ne5 g5 35. Rc7+ Kg8 36. Nf7 b5 37. Nxh6+ Kf8 38. Nf7 b4 39. Nxg5
b3 40. Nh7+ Ke8 41. Nf6+ Kd8 42. Rb7 Rb1+ 43. Kg2 b2 44. h4 Rd1 45. h5 Rd6 46.
Ne4 Nb6 47. Nc3 Kc8 48. Rf7 Rc6 49. Rf8+ Kb7 50. Nb1 Rc1 51. Na3 Nc4 52. Rf4
Rc3 53. Nb1 Rc1 54. Na3 Rc3 55. Nb1 Rc1 1/2-1/2

[Event "2.BLW"]
[Site "?"]
[Date "2006.12.03"]
[Round "5"]
[White "Peterwagner, Heinz"]
[Black "Ljubic, Juro"]
[Result "1/2-1/2"]
[WhiteElo "2213"]
[BlackElo "2216"]
[PlyCount "33"]
[EventDate "2006.??.??"]
[SourceDate "2006.10.21"]

1. e4 c5 2. Nc3 Nc6 3. g3 g6 4. Bg2 Bg7 5. Nge2 d6 6. d3 Nf6 7. h3 Rb8 8. Be3
Bd7 9. d4 cxd4 10. Nxd4 Ne5 11. Qe2 Qc8 12. Rd1 O-O 13. g4 Nc4 14. Bc1 h6 15.
O-O a6 16. Nd5 Nxd5 17. exd5 1/2-1/2

[Event "2.BLW"]
[Site "?"]
[Date "2006.12.03"]
[Round "5"]
[White "Huber, David"]
[Black "Hicker, Harald"]
[Result "1-0"]
[WhiteElo "2152"]
[BlackElo "2136"]
[PlyCount "55"]
[EventDate "2006.??.??"]
[SourceDate "2006.10.21"]

1. Nc3 d5 2. e4 d4 3. Nce2 e5 4. Ng3 Bd6 5. Bc4 Nf6 6. Nf3 O-O 7. d3 c5 8. O-O
Nc6 9. a4 Be6 10. b3 Qd7 11. Ng5 Bxc4 12. bxc4 g6 13. h3 h6 14. Nf3 Kh7 15. Nh2
Ng8 16. f4 exf4 17. Bxf4 Bxf4 18. Rxf4 Rfe8 19. Qf1 Kg7 20. Qf2 Re6 21. Ne2 Ne5
22. Nf3 Nxf3+ 23. Rxf3 Ra6 24. Nf4 Rxa4 25. Rxa4 Qxa4 26. Ne6+ fxe6 27. Rf7+
Kh8 28. Qg3 1-0

[Event "2. Bundesliga West"]
[Site "?"]
[Date "2007.01.26"]
[Round "6.1"]
[White "Bromberger, Stefan"]
[Black "Zelcic, Robert"]
[Result "1/2-1/2"]
[WhiteElo "2507"]
[BlackElo "2563"]
[PlyCount "89"]
[EventDate "2007.01.28"]
[SourceDate "2006.10.21"]

1. e4 c6 2. d4 d5 3. e5 c5 4. dxc5 Nc6 5. Bb5 e6 6. Be3 Nge7 7. c3 Bd7 8. Bxc6
Bxc6 9. Nf3 Nf5 10. Bd4 a5 11. O-O Nxd4 12. cxd4 b6 13. cxb6 Qxb6 14. Qd2 Be7
15. Nc3 O-O 16. Rac1 Rfc8 17. Rc2 h6 18. Rfc1 Bd7 19. h4 Rcb8 20. Kh1 Qd8 21.
h5 a4 22. a3 Rb3 23. g4 Rab8 24. Rg1 Bg5 25. Nxg5 Qxg5 26. Qxg5 hxg5 27. Rb1
Kh7 28. Kg2 g6 29. hxg6+ Kxg6 30. f3 f6 31. exf6 Kxf6 32. Kg3 Be8 33. Re1 Rxb2
34. Nxd5+ exd5 35. Rxb2 Rxb2 36. Rxe8 Rd2 37. Rf8+ Kg6 38. Rg8+ Kh6 39. Rd8
Rxd4 40. Kf2 Rd3 41. Ke2 Rxa3 42. Rd6+ Kg7 43. Rxd5 Kf6 44. Rf5+ Kg6 45. f4
1/2-1/2